000 00500nam a2200181Ia 4500
001 11492
005 20260306162832.0
008 260306t2022||||xx |||||||||||||| ||spa||
041 _aESP
082 _a985.061
_bD35
100 _aDe Lisle, Gerard
_eAUT
245 0 _aLa marina real británica y la guerra del pacifico, 1879-1881:
_bdiarios y acuarelas de Rudolph de Leslie
260 _c2022
300 _a197 páginas :
_c22 cm.
650 _aGEN
654 _aCHU
942 _cLIB
_dJUS
_fJUS
_2ddc
_n
999 _c11492
_d11492